Statistics for RPDR Season 10 Contestants by Track Record

Click here to take the quiz!

General Stats

  • This quiz has been taken 24 times
  • The average score is 7 of 14

Answer Stats

ScoresAnswer% Correct
3.14Aquaria
94%
2.93Eureka O'Hara
78%
3.18Miz Cracker
78%
2.86Asia O'Hara
61%
0Vannesa Vanjie Mateo
61%
,5Kalorie Karbdashian Williams
50%
3.1Monet X Change
50%
3.17Blair St. Clair
39%
2.36Kameron Michaels
39%
2.71Monique Heart
39%
2Dusty Ray Bottoms
33%
2.33Yuhua Hamasaki
33%
2.6Mayhem Miller
28%
2.63The Vixen
28%

Score Distribution

Percentile by Number Answered

Percent of People with Each Score

Your Score History

You have not taken this quiz